00599nam a22001817a 450000500170000001000150001702000350003203500140006703700090008108200130009024501180010326000710022127000470029230000200033949000070035970000240036670000270039020241007120251.0 aENG-141922 c1425.00a9789354421068(Vol 47) aEN-125454 bDBAD a401.0954 aPeople's Linguistic Survey Of India:bIndian Languages in the Diaspora/cEdited by G.N. Devy [and] T. Vijay Kumar aHimayatnagar , Hyderabad bOrient Blackswan Private Limited c2022 bTelangana a3-6-752 , Himayatnagare500029 a122p;c25cm(hb) v47 aDevy, G.N. eEditor aT. Vijay KumareEditor